00551nam a2200193Ia 4500008004100000100001800041245003800059245001700097260002400114260000900138300001100147440002400158650001500182650001400197650002700211650002600238999001900264952007400283190430s9999 xx 000 0 und d aFlores, Helen aMagnitude 5.7 quake jolts Vismin/ cHelen Flores bThe Philippine Star c2018 aMay 12 aThe Philippine Star aearthquake aGeography aMindanao (Philippines) aVisayas (Philippines) c361782d361782 001040aLUXbLUXd2019-04-30l0r2019-04-30 00:00:00w2019-04-30ySE